| 000 | 00958nam a2200229 a 4500 | ||
|---|---|---|---|
| 001 | 60380 | ||
| 003 | BD-RjUL | ||
| 005 | 20211209080830.0 | ||
| 008 | 161231s2015 bg ||||| |||| 00| 0 ben d | ||
| 020 | _c: TK 110.00 | ||
| 035 | _a(BD-RjUL)60504 | ||
| 040 |
_aBD-RjUL _bben _cBD-RjUL |
||
| 041 | _aben | ||
| 082 |
_223 _a922.97 _bAHS 2015 |
||
| 100 |
_aআহমদ, মুশতাক _9175786 |
||
| 245 | 1 | 0 |
_aশায়খুল ইসলাম সায়্যিদ হুসাইন আহমদ মাদানী রহমাতুল্লাহি আলাইহি ১৮৭৯-১৯৫৭ / _cমুশতাক হুসাইন |
| 260 |
_aঢাকা : _bইসলামিক ফাউন্ডেশন, _c২০১৫ |
||
| 300 |
_a৫০৮ পৃ. ; _c২১ সেমি. |
||
| 650 |
_aইসলাম ধর্মের অনুসারী _9179692 |
||
| 650 |
_aAdherent of Islam _9179693 |
||
| 942 |
_2ddc _cBK _01 |
||
| 999 |
_c60380 _d60380 |
||